000 01279nas a2200421 4500
001 BR0302776
003 BR-BrBNA
005 20231205103832.0
007 ta
008 230509b bl.|||p| |||| 00| 00por d
040 _aBR-BrBNA
_bpor
_cBiblioteca Nacional de Agricultura
041 _a(En)
072 _aP34; P33
100 1 _aCanellas, L.P.
100 1 _aMoraes, A.A.
100 1 _aRumjanek, V.M.
100 1 _aGarcia, M.R.
100 1 _aGuridi, F.
100 1 _aSantos, G.A.
100 1 _aVelloso, A.C.X.
100 1 _aBraz-Filho, R.
245 1 _aStructural features of humic acid isolated from soils amended with urban organic residues: an elemental composition, 13CNMR and Py - GC/MS analysis
650 _aSOLO
650 _aAMOSTRAGEM
650 _aMÉTODO DE APLICAÇÃO
650 _aRESÍDUO ORGÂNICO
650 _aANÁLISE COMPARATIVA
650 _aHÚMUS
650 _aÁCIDO
650 _aTRATAMENTO DO SOLO
650 _aINCUBAÇÃO
650 _aCROMATOGRAFIA
650 _aCONTROLE DE QUALIDADE
650 _aLODO RESIDUAL
773 0 _tRevista Brasileira de Ciência do Solo (Brazil)
_xISSN 0100-0683
_g(Apr-Jun 2002), v. 26(2) p. 333-341
_wBR0302776
909 _a202311
_bLúcia
_c55
_dLúcia Elande
942 _2AGRIS
_n0
_cANA
999 _c174974
_d174974